Etica, tecnología y valores en la sociedad global : el caballo de Troya al revés /

Contiene: Ciencia, técnica y modernidad; ¿Hay una racionalidad tecnológica?; La derrota de la modernidad y su herencia histórica: Sociedad tecnológica y racinalidad tecnológica; El dilema ético en la sociedad tecnológica; ¿Qué ética y qué valores para una sociedad global tecnológica?; El rostro del...

Descrición completa

Gardado en:
Detalles Bibliográficos
Autor Principal: Queraltó, Ramón (autor)
Formato: Libro
Idioma:Lingua castelá
Publicado: Madrid, España : Tecnos, 2003, c2003
Temas:
Etiquetas: Engadir etiqueta
Sen Etiquetas, Sexa o primeiro en etiquetar este rexistro!

MARC

LEADER 00000nam^a2200000^a^4500
001 000174059
005 20250521000000.0
005 20250521000000.0
009 20260310101515.319
020 |a 84-309-3976-8 
037 |a Acervo ITESO - Biblioteca 
041 |a ESP 
082 |a 174. 96  |b QUE 
100 |a Queraltó, Ramón  |e (autor) 
245 1 0 |a Etica, tecnología y valores en la sociedad global :  |b el caballo de Troya al revés /  |c R. Queraltó. 
264 4 |a Madrid, España :  |b Tecnos,  |c 2003, c2003 
300 |a 293 p. 
336 |a texto  |b txt  |2 rdacontenido 
337 |a sin mediación  |b n  |2 rdamedio 
338 |a volumen  |b nc  |2 rdasoporte 
520 |a Contiene: Ciencia, técnica y modernidad; ¿Hay una racionalidad tecnológica?; La derrota de la modernidad y su herencia histórica: Sociedad tecnológica y racinalidad tecnológica; El dilema ético en la sociedad tecnológica; ¿Qué ética y qué valores para una sociedad global tecnológica?; El rostro del hombre en la sociedad tecnológica. 
649 |a XX 
650 |a Valores 
650 |a Poder (Ciencias Sociales) 
650 |a Conducta de Vida 
650 |a Derechos Humanos 
650 |a Etica Científica 
650 |a Etica 
650 |a Riesgo (Ciencias Sociales) 
650 |a Responsabilidad 
650 |a Sociedad Postindustrial 
650 |a Civilización 
650 |a Desarrollo Tecnológico -  |x Aspectos Eticos 
650 |a Etica Científica 
650 |a Tolerancia e Intolerancia 
650 |a Cambios Sociales y Culturales 
650 |a Modernidad y Posmodernidad 
650 |a Axiología 
910 |a Fondo General 
920 |a Impresos - Libros 
930 |a Colección General 
905 |a 101 
901 |a 0500111948  |b IT1  |c ACC  |u 20250521 
902 |a https://opac.biblio.iteso.mx/vufind/Record/000174059